000
00218 a2200097 4500
001
44566
100
_a
Kemp
245
_a
General Electrical Engineering
260
_a
London
_b
Odham Press Ltd
_c
090
_c
28293
_d
28293
942
_a
NUST-CAE
_c
M
_c
20328
999
_c
279639
_d
279639